000 00406nam a2200145Ia 4500
008 211109s9999||||xx |||||||||||||| ||und||
082 _a894.8124
_bNAM-N
100 _aNamboodiri, A P P
245 0 _aNadaka Darsanam
260 _bMalayalam Publications
_aCalicut
_c1988
300 _a209p
630 _xGENERAL STACK
650 _aMalayalam
_vMalayalam literature
_xMalayalam essayMalayalam
942 _cBOOK
999 _c39836
_d39836